Les Starters Pokémon (De la 1ère à la 6ème Génération) ! - Statistiques

Statistiques générales
  • Ce quiz a été pris 186 fois
    139 depuis la dernière actualisation
  • Le résultat moyen est 16 sur 18
Statistiques - réponses
Version Starters % Correct
1 Génération : Rouge Bleu et Vert Salamèche
100%
2 Génération : Or Argent et Cristal Carapuce
99%
3 Génération : Rubis Saphir Emeraude Bulbizarre
97%
g Tiplouf
97%
nothing Ouisticram
92%
5 Génération : Noir et Blanc Poussifeu
92%
3 Génération : RougeFeu et VertFeuille Héricendre
91%
4 Génération : Diamant Perle et Platine Kaiminus
91%
5 Génération : Noir 2 et Blanc 2 Gobou
88%
6 Génération : Rubis Ω et Saphir α Tortipouss
88%
6 Génération : X et Y Arcko
86%
4 Génération : HeartGold et SoulSilver Germignon
86%
s Gruikui
86%
a Grenousse
84%
d Vipélierre
84%
Feunnec
79%
d Moustillon
79%
q Marisson
78%
Aucun quiz correspondant
Distribution des résultats
% des personnes avec chaque résultat
Percentile par nombre de réponses
Votre historique - résultats
Vous n’avez pas pris ce quiz depuis la dernière actualisation